[Event "BCF-chT 9697 (4NCL)"]
[Site "England"]
[Date "1996.??.??"]
[Round "4.6"]
[White "Brameld, Arthur F"]
[Black "Franklin, Michael J"]
[Result "0-1"]
[WhiteElo "2199"]
[BlackElo "2255"]
[PlyCount "110"]
[EventDate "1996.10.??"]
[EventType "team-tourn"]
[EventRounds "12"]
[EventCountry "ENG"]
[SourceTitle "EXT 1999"]
[Source "ChessBase"]
[SourceDate "1998.11.16"]
[SourceVersion "1"]
[SourceVersionDate "1998.11.16"]
[SourceQuality "1"]
[WhiteTeam "Wessex"]
[BlackTeam "Richmond"]
[WhiteTeamCountry "ENG"]
[BlackTeamCountry "ENG"]

1. e4 c5 2. Nf3 a6 3. c4 d6 4. d4 Nd7 5. Nc3 e6 6. Be2 b6 7. 0-0 Ne7 8. Re1 Ng6 9. Be3 Be7 10. Qc2 0-0 11. Rac1 Qc7 12. b3 Bb7 13. d5 e5 14. g3 Rae8 15. h4 Nf6 16. Nh2 Bc8 17. h5 Nh8 18. h6 g6 19. g4 Rd8 20. f3 Ne8 21. Bd3 Bh4 22. Re2 Qe7 23. Qd2 Bd7 24. Rg2 Nc7 25. Kh1 f6 26. Rcg1 Nf7 27. Ne2 Bg5 28. Nf1 Nxh6 29. Bxg5 fxg5 30. Rh2 Nf7 31. Rg3 Kg7 32. Rgh3 Rh8 33. Ne3 Ne8 34. Ng3 Nf6 35. Qg2 Rdg8 36. Kg1 Qd8 37. Kf1 Qc8 38. Ne2 h5 39. Rg3 hxg4 40. Rxh8 Rxh8 41. fxg4 Rh4 42. Nc3 Nh6 43. Be2 Nhxg4 44. Bxg4 Nxg4 45. Nxg4 Bxg4 46. Ke1 Bh3 47. Qe2 Bd7 48. Qf2 g4 49. Rg1 Rh3 50. Ne2 Qd8 51. Ng3 Qg5 52. Kd1 Qf4 53. Qg2 b5 54. Nf5+ Bxf5 55. exf5 Rh2 0-1

[Event "NATO-ch"]
[Site "Gausdal"]
[Date "1995.??.??"]
[Round "3"]
[White "Brameld, Arthur F"]
[Black "Wantiez, Fabrice"]
[Result "1-0"]
[WhiteElo "2208"]
[BlackElo "2178"]
[PlyCount "81"]
[EventDate "1995.08.??"]
[EventType "swiss"]
[EventRounds "9"]
[EventCountry "NOR"]
[SourceTitle "EXT 2008"]
[Source "ChessBase"]
[SourceDate "2007.11.25"]
[SourceVersion "1"]
[SourceVersionDate "2007.11.25"]
[SourceQuality "1"]

1. e4 e5 2. f4 exf4 3. Nf3 d5 4. exd5 Nf6 5. Bc4 Nxd5 6. 0-0 Be7 7. Bb3 0-0 8. c4 Nb6 9. d4 Nc6 10. Bxf4 Bg4 11. d5 Bc5+ 12. Kh1 Nd4 13. Nbd2 Re8 14. Re1 Qf6 15. Bg3 Rxe1+ 16. Bxe1 Re8 17. Bh4 Qh6 18. Bg3 Re2 19. Nxd4 Bxd4 20. Nf3 Bxf3 21. gxf3 Qe3 22. Qf1 Bxb2 23. Bf4 Qe7 24. Rd1 Bd4 25. Bxc7 Rf2 26. Qe1 Re2 27. Qg3 Bf2 28. d6 Qe8 29. Qg4 Re1+ 30. Kg2 h5 31. d7 Nxd7 32. Qxd7 Rg1+ 33. Kxf2 Rg2+ 34. Kxg2 Qe2+ 35. Kh3 Qxf3+ 36. Bg3 f5 37. Qe8+ Kh7 38. Qe1 h4 39. Qf2 Qg4+ 40. Kg2 h3+ 41. Kg1 1-0

[Event "NATO-ch"]
[Site "Gausdal"]
[Date "1995.??.??"]
[Round "2"]
[White "Guedon, Olivier"]
[Black "Brameld, Arthur F"]
[Result "0-1"]
[WhiteElo "1950"]
[BlackElo "2208"]
[PlyCount "42"]
[EventDate "1995.08.??"]
[EventType "swiss"]
[EventRounds "9"]
[EventCountry "NOR"]
[SourceTitle "EXT 2008"]
[Source "ChessBase"]
[SourceDate "2007.11.25"]
[SourceVersion "1"]
[SourceVersionDate "2007.11.25"]
[SourceQuality "1"]

1. e4 Nf6 2. e5 Nd5 3. d4 d6 4. Bc4 Nb6 5. Bb3 dxe5 6. Qh5 e6 7. dxe5 c5 8. Na3 Nc6 9. Bg5 Qd4 10. Nf3 Qxb2 11. Nb5 Qxa1+ 12. Ke2 g6 13. Qh3 Qxh1 14. Nc7+ Kd7 15. Nxe6 fxe6 16. Qxe6+ Kc7 17. Qf6 Bg4 18. Qf7+ Nd7 19. Bf4 Kb6 20. e6 Bxf3+ 21. gxf3 Qxf3+ 0-1